[Event "Zonal 2.3 Absoluto 2022"]
[Site "San Pedro de Macoris"]
[Date "2022.03.24"]
[Round "7.5"]
[White "Duran Vega, Sergio"]
[Black "Torres, Juan Camilo"]
[Result "1-0"]
[WhiteElo "2370"]
[BlackElo "2319"]
[Annotator "NA"]
[PlyCount "112"]
[EventDate "2022.03.20"]
[EventCountry "DOM"]
[SourceTitle "playchess.com"]
[Source "ChessBase"]
[SourceQuality "1"]
[TimeControl "40/5400+30:1800+30"]

1. d4 {[%emt 0:00:47]} d5 {[%emt 0:06:42]} 2. Nf3 {[%emt 0:00:29]} Nf6 {[%emt 0:00:39]} 3. c4 {[%emt 0:00:28]} c6 {[%emt 0:00:15]} 4. e3 {[%emt 0:00:24]} g6 {[%emt 0:00:33]} 5. Be2 {[%emt 0:00:37]} Bg7 {[%emt 0:00:10]} 6. O-O {[%emt 0:00:08]} O-O {[%emt 0:00:51]} 7. Nc3 {[%emt 0:00:36]} Ne4 {[%emt 0:06:51]} 8. Qb3 {[%emt 0:02:48]} dxc4 {[%emt 0:02:07]} 9. Bxc4 {[%emt 0:01:05]} Nd6 {[%emt 0:00:15]} 10. Be2 {[%emt 0:01:44]} Qb6 {[%emt 0:02:32]} (10... Bf5 $11) 11. Qc2 {[%emt 0:08:42]} Bf5 {[%emt 0:06:40]} 12. e4 {[%emt 0:02:05]} Bg4 {[%emt 0:02:06]} 13. Rd1 {[%emt 0:07:17]} Nd7 {[%emt 0:06:29]} 14. Be3 {[%emt 0:07:16]} Rac8 $14 {[%emt 0:11:48]} 15. Rac1 {[%emt 0:24:41]} Qa5 {[%emt 0:05:58]} 16. Bd2 {[%emt 0:09:48]} Bxf3 {[%emt 0:12:00]} 17. Bxf3 {[%emt 0:00:25]} e5 {[%emt 0:04:00]} 18. Bg4 {[%emt 0:05:50]} f5 {[%emt 0:09:08]} 19. exf5 {[%emt 0:02:21]} Nxf5 {[%emt 0:03:56]} 20. Ne4 {[%emt 0:10:16]} Qxa2 {[%emt 0:03:53]} 21. Bb4 {[%emt 0:01:20]} exd4 {[%emt 0:06:42]} 22. Bxf8 {[%emt 0:02:19]} Rxf8 {[%emt 0:00:11]} 23. Bxf5 {[%emt 0:02:31]} gxf5 {[%emt 0:02:36]} 24. Nd6 {[%emt 0:00:18]} Qd5 {[%emt 0:01:57]} 25. Nxb7 {[%emt 0:00:17]} Rb8 {[%emt 0:01:28]} 26. Nc5 {[%emt 0:01:03]} Nxc5 {[%emt 0:01:50]} 27. Qxc5 {[%emt 0:00:02]} Qxc5 {[%emt 0:00:32]} 28. Rxc5 {[%emt 0:00:11]} Rxb2 {[%emt 0:00:44]} 29. Rxc6 {[%emt 0:00:20]} Rb7 {[%emt 0:01:33]} 30. Kf1 {[%emt 0:02:59]} Kf7 {[%emt 0:00:22]} 31. Ra6 {[%emt 0:00:23]} Bf8 {[%emt 0:00:37]} 32. Rxd4 {[%emt 0:00:48]} Rb1+ {[%emt 0:00:10]} 33. Ke2 {[%emt 0:00:04]} Bc5 {[%emt 0:00:15]} 34. Rd7+ {[%emt 0:02:51]} Ke8 {[%emt 0:00:24]} 35. Rd2 {[%emt 0:01:49]} Bb6 {[%emt 0:00:25]} 36. Ra4 {[%emt 0:00:39]} Rc1 {[%emt 0:00:47]} 37. Rh4 {[%emt 0:01:02]} Rc7 {[%emt 0:01:00]} 38. Rh5 {[%emt 0:00:36]} Rg7 {[%emt 0:00:31]} 39. Kf3 {[%emt 0:00:19]} Ke7 {[%emt 0:00:19]} 40. Rxf5 {[%emt 0:00:00]} Ke6 {[%emt 0:00:00]} 41. g4 {[%emt 0:01:01]} Rc7 {[%emt 0:01:35]} 42. h4 {[%emt 0:03:47]} Rc3+ {[%emt 0:02:37]} 43. Kg2 {[%emt 0:02:33]} Rc4 {[%emt 0:04:45]} 44. f3 {[%emt 0:01:02]} Bc5 {[%emt 0:00:56]} 45. Re2+ {[%emt 0:02:51]} Kd6 {[%emt 0:00:19]} 46. Ra2 {[%emt 0:01:36]} Bb6 {[%emt 0:01:31]} 47. h5 {[%emt 0:00:38]} a5 {[%emt 0:03:52]} 48. Rfxa5 {[%emt 0:01:42]} Bxa5 {[%emt 0:00:06]} 49. Rxa5 {[%emt 0:00:04]} Rc7 {[%emt 0:20:03]} 50. Rf5 {[%emt 0:00:26]} Ke6 {[%emt 0:00:00]} 51. Kg3 {[%emt 0:22:42]} Rc4 {[%emt 0:00:00]} 52. Rf4 {[%emt 0:00:00]} Rc1 {[%emt 0:00:00]} 53. Rf8 {[%emt 0:00:00]} Rc4 {[%emt 0:00:00]} 54. f4 {[%emt 0:00:00]} Rb4 {[%emt 0:00:00]} 55. Rh8 {[%emt 0:00:00]} Rb7 {[%emt 0:00:00]} 56. g5 {[%emt 0:00:00]} Kd5 {[%emt 0:00:00]} 1-0

[Event "Zonal 2.3 Absoluto 2022"]
[Site "San Pedro de Macoris"]
[Date "2022.03.24"]
[Round "7.6"]
[White "Perez Rodriguez, Luis Manuel"]
[Black "Araujo Sanchez, Josue"]
[Result "1-0"]
[WhiteElo "2324"]
[BlackElo "2264"]
[Annotator "NA"]
[PlyCount "43"]
[EventDate "2022.03.20"]
[EventCountry "DOM"]
[SourceTitle "playchess.com"]
[Source "ChessBase"]
[SourceQuality "1"]
[TimeControl "40/5400+30:1800+30"]

1. e4 {[%emt 0:00:06]} c5 {[%emt 0:25:26]} 2. c3 {[%emt 0:00:48]} Nf6 {[%emt 0:00:10]} 3. e5 {[%emt 0:00:30]} Nd5 {[%emt 0:00:34]} 4. Nf3 {[%emt 0:00:29]} Nc6 {[%emt 0:00:24]} 5. Bc4 {[%emt 0:06:33]} Nb6 {[%emt 0:02:01]} 6. Bb3 {[%emt 0:01:01]} d6 {[%emt 0:02:53]} 7. exd6 {[%emt 0:04:01]} Qxd6 {[%emt 0:01:10]} 8. O-O {[%emt 0:02:18]} Bf5 {[%emt 0:06:10]} 9. d4 {[%emt 0:07:48]} e6 {[%emt 0:12:12]} 10. Na3 $11 {[%emt 0:12:50]} Qd7 {[%emt 0:06:07]} 11. Be3 {[%emt 0:12:48]} cxd4 {[%emt 0:02:02]} 12. Nxd4 {[%emt 0:01:17]} Nxd4 {[%emt 0:00:12]} 13. Bxd4 {[%emt 0:01:37]} Bxa3 {[%emt 0:02:26]} 14. bxa3 {[%emt 0:00:17]} O-O {[%emt 0:00:57]} 15. Qe2 {[%emt 0:11:31]} Qe7 {[%emt 0:08:27]} 16. Rfe1 {[%emt 0:08:38]} Nd7 {[%emt 0:23:09]} 17. Qb5 {[%emt 0:03:37]} Qd6 {[%emt 0:03:43]} 18. Qxb7 {[%emt 0:04:31]} e5 {[%emt 0:00:44]} 19. Be3 {[%emt 0:01:25]} Qxa3 {[%emt 0:00:36]} 20. Rad1 {[%emt 0:01:35]} Nf6 {[%emt 0:01:07]} 21. Qb5 {[%emt 0:03:00]} Rfe8 {[%emt 0:00:00]} 22. Bc5 {[%emt 0:00:21]} 1-0

[Event "Zonal 2.3 Absoluto 2022"]
[Site "San Pedro de Macoris"]
[Date "2022.03.25"]
[Round "8.1"]
[White "Albornoz Cabrera, Carlos Daniel"]
[Black "Cardoso Cardoso, Jose Gabriel"]
[Result "1-0"]
[WhiteElo "2567"]
[BlackElo "2461"]
[Annotator "TA"]
[PlyCount "71"]
[EventDate "2022.03.20"]
[EventCountry "DOM"]
[SourceTitle "playchess.com"]
[Source "ChessBase"]
[SourceQuality "1"]

{[%evp 12,71,16,24,16,4,6,5,10,0,0,0,0,-8,6,-34,48,45,33,0,21,41,37,30,23,20,29,10,8,18,79,84,70,77,124,70,166,183,195,197,199,201,191,164,281,241,543,220,652,636,722,664,662,718,710,694,889,897,1085,1083,1694,1635]} 1. e4 c5 2. Nf3 d6 3. d4 cxd4 4. Nxd4 Nf6 5. Nc3 a6 6. Bg5 Nbd7 7. Bc4 Qb6 {B94: Sicilian Najdorf: 6 Bg5 Nbd7.} 8. Bb3 e6 $1 9. Qd2 Be7 {The position is equal.} 10. O-O-O Nc5 11. f3 Qc7 12. g4 b5 {And now ...b4 would win.} 13. a3 Qb7 ({Black should try} 13... Rb8 $15) 14. Ba2 $14 Bd7 15. b4 (15. Rhe1 $5 {[%cal Rd4f5]} O-O 16. b4 $11) 15... Na4 16. Nxa4 bxa4 17. Kb2 $36 {[%mdl 2048] White has the initiative.} a5 {[#] ...axb4 is the strong threat.} 18. c3 {[#]} Rc8 $146 ({Predecessor:} 18... O-O 19. h4 Rfc8 20. Rc1 Bb5 21. c4 Be8 22. b5 h6 23. Be3 d5 24. g5 dxc4 25. gxf6 Bxf6 {½-½ (36) Cheparinov,I (2666)-Saric,I (2681) Patras 2019}) 19. Rc1 O-O 20. h4 Bb5 (20... Rc7 $11) 21. c4 $16 {White is more active. Black is now going downhill.} Bd7 22. b5 Rc5 (22... d5 $142) 23. Be3 (23. Ka1 $16) 23... Rfc8 (23... d5 $1 $14) 24. g5 $18 (24. Qxa5 d5 $16) 24... Nh5 {[%cal Od6d5]} 25. Ka1 ({Resist} 25. Qxa5 $6 d5 $14) 25... Qa8 26. Ne2 R5c7 27. Bd4 d5 (27... Qb8 {was worth a try.} 28. Qxa5 Rb7) 28. cxd5 Bxb5 $2 (28... Rxc1+ {is a better chance.} 29. Nxc1 (29. Rxc1 Bxb5 30. dxe6 Bxe2 $16) 29... Bxa3) 29. dxe6 (29. Rxc7 $142 Rxc7 30. dxe6 fxe6 31. Nf4 Nxf4 32. Qxf4) 29... Bc4 $2 (29... Rxc1+ 30. Nxc1 Qa6 31. exf7+ Kf8) 30. exf7+ {White is clearly winning.} Bxf7 31. Bxf7+ Kxf7 32. Rxc7 Rxc7 33. Nf4 {[#] Strongly threatening Qa2+.} Rb7 34. Nxh5 Rb3 35. Bb2 {Black must now prevent Qd4.} Qb7 36. Qd4 {Weighted Error Value: White=0.19 (very precise) /Black=0.56} 1-0

[Event "Zonal 2.3 Absoluto 2022"]
[Site "San Pedro de Macoris"]
[Date "2022.03.25"]
[Round "8.2"]
[White "Sanchez Alvarez, Roberto Carlos"]
[Black "Duran Vega, Sergio"]
[Result "1-0"]
[WhiteElo "2407"]
[BlackElo "2370"]
[Annotator "TA"]
[PlyCount "67"]
[EventDate "2022.03.20"]
[EventCountry "DOM"]
[SourceTitle "playchess.com"]
[Source "ChessBase"]
[SourceQuality "1"]

{[%evp 12,67,12,16,13,20,17,12,10,6,5,5,10,15,15,8,36,6,12,13,18,12,23,0,0,-8,0,0,0,0,0,0,0,0,0,0,0,0,0,0,0,0,15,21,83,-61,237,237,278,278,1276,377,29989,29990,29998,-2923,29989,0]} 1. d4 Nf6 2. c4 e6 3. Nf3 d5 4. Nc3 Nbd7 5. cxd5 exd5 6. Bg5 c6 7. e3 h6 {D35: Queen's Gambit Declined: Exchange Variation.} 8. Bf4 Nh5 9. Be5 Nxe5 {The position is equal.} 10. Nxe5 Nf6 11. Bd3 Be7 12. f4 {[#]} Qb6 $146 ({Predecessor:} 12... h5 13. a3 g6 14. Qf3 Bg4 15. Qf2 Bf5 16. Qc2 {½-½ (16) Ringoir,T (2486)-Stremavicius,T (2506) Charlotte 2021}) 13. Rb1 Nd7 14. Nf3 Nf6 15. h3 O-O 16. O-O Re8 17. Qc2 c5 18. a3 Bd7 19. Qf2 a6 20. Rfd1 Rad8 21. Ne5 Bc6 22. b4 cxd4 23. exd4 {[%cal Be3d4,Bd4d5,Bd5d6][%mdl 32]} Ne4 24. Bxe4 dxe4 25. d5 e3 26. Qe2 Bd7 27. d6 $1 Bh4 (27... Bxd6 $2 28. Nc4 Qc7 29. Nxd6 $18 (29. Rxd6 b5 $15)) (27... Bf8 $11 {keeps the balance.}) 28. Nd5 {White is more active.} (28. Kh2 $1 $16) 28... Bf2+ $2 {[%mdl 8192] This bishop pair is nice.} (28... Qxd6 $15 29. Nxe3 Qe6) 29. Kh1 $18 Qb5 30. Ne7+ Kf8 $2 (30... Rxe7 31. dxe7 Re8) 31. Qc2 $2 (31. Qa2 {[%csl Ge5][%cal Ra2f7]} Qxe5 32. fxe5) 31... g6 $2 (31... e2 {is a self mate.} 32. Qh7 $1 exd1=Q+ 33. Rxd1) (31... Be6 $18 32. Qh7 Rxd6 33. Rxd6 Kxe7 34. Rxe6+ Kxe6 35. Qxg7 Re7 36. f5+ Kxf5 37. Nxf7 Re6 38. Nxh6+ Rxh6) 32. Qc3 Bf5 {[#]} 33. Qc2 $4 {[%mdl 8192]} Bd7 $4 {[%mdl 8192]} (33... Bxc2 $19 34. a4 Qxa4) 34. Qc3 $2 {[%mdl 32768] Weighted Error Value: White=0.62/Black=0.67. Loss on time!?} (34. Qb2 {mates} Rxe7 35. Nxd7+ Kg8 36. dxe7 Qf1+ 37. Rxf1 Bh4 38. exd8=N Bxd8 39. Rfc1) 1-0

[Event "Zonal 2.3 Absoluto 2022"]
[Site "San Pedro de Macoris"]
[Date "2022.03.25"]
[Round "8.3"]
[White "Ortiz Suarez, Isan Reynaldo"]
[Black "Perez Rodriguez, Luis Manuel"]
[Result "1-0"]
[WhiteElo "2531"]
[BlackElo "2324"]
[Annotator "ChessBase"]
[PlyCount "50"]
[EventDate "2022.03.20"]
[EventCountry "DOM"]
[SourceTitle "playchess.com"]
[Source "ChessBase"]
[SourceQuality "1"]
[TimeControl "40/5400+30:1800+30"]

1. Nf3 {[%emt 0:07:27]} d5 {[%emt 0:08:57]} 2. d4 {[%emt 0:01:13]} Nf6 {[%emt 0:00:56]} 3. c4 {[%emt 0:00:08]} c6 {[%emt 0:01:25]} 4. g3 {[%emt 1:23:42]} g6 {[%emt 0:03:53]} 5. Bg2 {[%emt 0:00:00]} Bg7 {[%emt 0:04:13]} 6. O-O {[%emt 0:00:00]} O-O {[%emt 0:02:43]} 7. b3 {[%emt 0:00:00]} a5 {[%emt 0:13:44]} 8. Nc3 {[%emt 0:00:00]} Ne4 {[%emt 0:06:31]} 9. Bb2 {[%emt 0:00:00]} Nxc3 {[%emt 0:03:23]} 10. Bxc3 {[%emt 0:00:00]} Nd7 {[%emt 0:01:59]} 11. Rc1 {[%emt 0:00:00]} a4 {[%emt 0:10:02]} 12. cxd5 {[%emt 0:00:00]} cxd5 {[%emt 0:00:48]} 13. Bb4 {[%emt 0:00:00]} Re8 {[%emt 0:11:58]} 14. bxa4 {[%emt 0:00:00]} Nb6 {[%emt 0:04:21]} 15. Qb3 {[%emt 0:00:00]} Nxa4 {[%emt 0:04:46]} 16. Ne5 {[%emt 0:00:00]} Be6 {[%emt 0:02:24]} 17. Nd3 {[%emt 0:00:00]} Bxd4 {[%emt 0:05:14]} 18. Nf4 {[%emt 0:00:00]} Bd7 {[%emt 0:02:19]} 19. Rfd1 {[%emt 0:00:00]} e5 {[%emt 0:03:25]} 20. Bxd5 {[%emt 0:00:00]} Qf6 {[%emt 0:02:40]} 21. e3 {[%emt 0:00:00]} Bg4 {[%emt 0:03:47]} 22. Rd2 {[%emt 0:00:00]} Nb6 {[%emt 0:01:21]} 23. Bxb7 {[%emt 0:00:00]} Rad8 {[%emt 0:00:38]} 24. Ng2 {[%emt 0:00:00]} Be6 {[%emt 0:00:31]} 25. Qd1 {[%emt 0:00:00]} Nc4 {[%emt 0:01:02]} 1-0

[Event "Zonal 2.3 Absoluto 2022"]
[Site "San Pedro de Macoris"]
[Date "2022.03.24"]
[Round "8.4"]
[White "Valdes Romero, Leonardo"]
[Black "Ibarra Chami, Luis Fernando"]
[Result "1/2-1/2"]
[WhiteElo "2404"]
[BlackElo "2451"]
[Annotator "TA"]
[PlyCount "131"]
[EventDate "2022.03.20"]
[EventCountry "DOM"]
[SourceTitle "playchess.com"]
[Source "ChessBase"]
[SourceQuality "1"]

{[%evp 9,131,0,20,0,28,26,22,10,7,0,0,18,0,0,0,0,0,-13,-18,-14,-11,-32,-9,-22,-13,-34,0,-13,-24,-24,0,-54,-62,-58,-23,-101,-96,-96,-112,-100,0,-117,-79,-106,-34,-100,-118,-254,-195,-176,-38,-21,-29,-123,-129,-120,-91,-178,-119,-130,-114,-120,-122,-134,-140,-131,0,0,0,-84,-79,-108,-109,-109,-8,-33,0,0,0,-7,0,-28,-7,-7,-7,-8,0,-41,0,0,0,0,0,0,0,-6,0,0,0,0,0,0,0,0,0,0,0,0,0,0,0,0,0,0,0,0,0,0,0,0,0,0,0,-29991]} 1. c4 e6 2. Nf3 d5 3. e3 Nf6 4. Nc3 c5 5. cxd5 exd5 6. Bb5+ {A17: English Opening: 1...Nf6 with ...Bb4.} Bd7 (6... Nc6 {keeps more tension.} 7. d4 cxd4 8. exd4 Bd6 9. O-O O-O) 7. Bxd7+ Nbxd7 {[#]} 8. b3 $146 ({Predecessor:} 8. d4 c4 9. O-O Bd6 10. b3 cxb3 11. Qxb3 Qb6 12. Nxd5 Nxd5 13. Qxd5 O-O 14. Bd2 {1-0 (31) Tari,A (2633)-Bodnaruk,A (2428) Chess.com INT 2020}) 8... Rc8 9. O-O Bd6 10. Bb2 O-O 11. d4 c4 12. bxc4 Rxc4 13. Qd3 {[%cal Oc3d5]} Qa5 14. Nd2 Rc6 15. Nb3 Qd8 {[%cal Od6h2] Threatening ...Bxh2+!} 16. g3 a6 17. Rac1 Qe7 18. Rc2 Qe6 19. Rfc1 h5 {[%cal Bh7h5,Bh5h4][%mdl 32]} 20. Nb1 (20. Na4 $11) 20... Rxc2 $15 21. Rxc2 h4 22. N1d2 (22. Nc5 $1 $11 Bxc5 23. dxc5) 22... Qg4 $17 {[%cal Rh4g3]} 23. Nf1 Ne4 24. Qe2 {[#]} Qf5 ({Black should play} 24... Qg6 $1 $17 25. Qd3 hxg3 26. Nxg3 Re8) 25. Rc1 (25. gxh4 $11 Qh7 26. f3) 25... hxg3 26. hxg3 g6 ({Better is} 26... Ng5 $17 27. Nc5 Bxc5 28. dxc5 Rc8) 27. Nbd2 (27. g4 $1 $15 Qe6 28. f3) 27... Ndf6 28. Nh2 (28. g4 $17 {was worth a try.} Qxg4+ 29. Qxg4 Nxg4 30. Nxe4 dxe4 31. Nd2) 28... Kg7 29. Nxe4 dxe4 (29... Nxe4 $19 30. Rc2 Ng5) 30. d5 $1 $15 {Threatens to win with Ng4.} Be5 {And now ...Bxb2 would win.} 31. Bxe5 (31. g4 $1 $11 {remains equal.} Qg5 32. Rc4 Bxb2 33. Qxb2 Qxd5 34. Rc7) 31... Qxe5 $17 32. Rd1 Rd8 ({Weaker is} 32... Nxd5 33. Ng4 Nc3 34. Qc4 $15) 33. Qc2 (33. a4 $17) 33... Rxd5 (33... Rh8 $19 {Strongly threatening ...Qh5.} 34. Qe2 Nxd5) 34. Rxd5 Qxd5 35. Qb2 b5 36. Kg2 Qe6 {Prevents Ng4.} 37. Nf1 g5 (37... Kg8 $17 {Hoping for ...Ng4.} 38. Nd2 Ng4) 38. Nd2 $11 Qf5 39. Qd4 (39. Nb3 $11) 39... Kg6 40. a4 bxa4 41. Qxa4 {[#]} Qd5 (41... a5 $1 $17 42. Kf1 Qd5) 42. Nc4 Qb5 43. Qa2 Nd5 {White must now prevent ...Nc3.} 44. Qc2 {Inhibits Nc3.} Nf6 45. Qc3 {Prevents a5.} Qf5 46. Ne5+ Kg7 47. Kg1 Kg8 48. Qd4 (48. Kg2 $11) 48... Ng4 (48... a5 $15) 49. Qd8+ {The position is equal.} Kg7 50. Nxg4 Qxg4 {[%mdl 4096] Endgame KQ-KQ} 51. Qd4+ Kg6 52. Qh8 Qe6 53. Qg8+ Kf6 54. Qd8+ Kf5 55. Kg2 Qc6 56. Qf8 Qc7 57. Qe8 Qb7 58. Qd8 Qb5 59. Qc8+ Kf6 60. Qd8+ Ke6 61. Qc8+ Kd6 62. Qf8+ Ke6 63. Qc8+ Ke5 64. Qc7+ Ke6 65. Qc8+ Kd6 66. Qe8 $2 {[%mdl 40960] Weighted Error Value: White=0.20 (precise) /Black=0.21 (precise) . An unexpected result.} 1/2-1/2

[Event "Zonal 2.3 Absoluto 2022"]
[Site "San Pedro de Macoris"]
[Date "2022.03.24"]
[Round "8.5"]
[White "Argote Heredia, Valentina"]
[Black "Barrientos, Sergio E"]
[Result "1/2-1/2"]
[WhiteElo "2193"]
[BlackElo "2468"]
[Annotator "TA"]
[PlyCount "104"]
[EventDate "2022.03.20"]
[EventCountry "DOM"]
[SourceTitle "playchess.com"]
[Source "ChessBase"]
[SourceQuality "1"]

{[%evp 16,104,0,-2,16,0,31,13,13,20,12,9,51,22,28,25,53,22,41,25,124,122,368,373,366,374,375,367,342,261,260,277,336,337,336,334,375,373,471,462,470,467,437,428,416,360,335,346,427,414,914,910,830,826,600,933,945,901,1476,1214,4079,3507,2443,2038,1365,12831,12831,12832,12833,12833,12833,12831,1497,9404,12839,12839,12836,2706,12840,0,0,0,0,0,0,0,0,0,0,0,0]} 1. e4 e5 2. Nf3 Nc6 3. Nc3 Nf6 4. d4 exd4 5. Nxd4 Bb4 6. Nxc6 bxc6 {[%cal Bb7c6,Bc6d5,Bd5e4][%mdl 32]} 7. Bd3 d5 8. Bd2 O-O 9. O-O Bg4 {C47: Scotch Four Knights and Four Knights with 4 g3.} 10. Qe1 Re8 {[#]} 11. Nxd5 $146 ({Predecessor:} 11. f3 Bh5 12. Qh4 Bg6 13. Bg5 Be7 14. e5 Bc5+ 15. Kh1 Bxd3 16. Bxf6 gxf6 17. cxd3 fxe5 18. Qg4+ Kh8 19. f4 {½-½ (19) Lyew,M (1684)-Sanmartino,G (1860) Chessfriend.com 2003}) 11... cxd5 12. Bxb4 dxe4 13. Bc4 Qc8 (13... c6 $11 {feels stronger.}) 14. Qe3 Be6 15. Bb3 Bxb3 16. axb3 Nd5 {[%cal Bf6d5,Bd5b4,Bb4d3][%mdl 32]} 17. Qd2 Qf5 (17... Qe6 $11) 18. Ra5 $1 $16 Re5 (18... Rad8 $16) 19. Rd1 $1 $18 {[%cal Ra5d5]} c6 20. c4 $1 Nxb4 {[#]} (20... e3 $2 21. fxe3 Nxb4 22. Qd8+ $3 {[%mdl 512]} Re8 23. Qxe8+ $3 {[%mdl 512]} (23. Rxf5 $2 Raxd8 24. Rd4 Rxd4 $19) 23... Rxe8 24. Rxf5 $18) 21. Qd8+ {[%mdl 512]} Re8 {[#]} 22. Qxe8+ {[%mdl 512]} Rxe8 23. Rxf5 {[%mdl 4096] Endgame KRR-KRN} Nd3 24. Ra5 g6 25. Rxa7 Kg7 26. Rc7 c5 27. Kf1 Rb8 28. f3 Rxb3 29. fxe4 Kf6 {[#]} 30. Rxd3 $1 Rxd3 31. Rxc5 {KR-KR} Rd2 32. b4 {[%cal Bb2b4,Bb4b5][%mdl 32]} h5 (32... Ke6 $142 33. b5 Rb2) 33. b5 Rb2 34. h4 Ke6 35. e5 Kf5 36. Rc7 Kxe5 37. Rxf7 Kd4 38. Rc7 {aiming for Kg1.} Ke3 39. Kg1 Kf4 40. Kh2 (40. Rc6 $142 Rb4 41. Kh2) 40... Kg4 41. Rc6 Kxh4 42. b6 ({Weaker is} 42. Rxg6 Rxg2+ 43. Kxg2 $11) 42... g5 43. c5 g4 {[#]} 44. Rf6 $1 ({Worse is} 44. Rg6 g3+ 45. Rxg3 Rxg2+ 46. Kxg2 $11) 44... Kg5 45. Rf1 h4 46. Rf8 h3 47. Rg8+ $2 ({White has to play} 47. c6 $18 Rxb6 48. c7) 47... Kf4 $11 {The position is equal.} 48. c6 Rxg2+ 49. Kh1 Rb2 50. b7 Rb1+ 51. Kh2 Rb2+ 52. Kh1 Rb1+ {White really could win this.  Weighted Error Value: White=0.08 (flawless) /Black=0.38} 1/2-1/2

[Event "Zonal 2.3 Absoluto 2022"]
[Site "San Pedro de Macoris"]
[Date "2022.03.25"]
[Round "9.1"]
[White "Albornoz Cabrera, Carlos Daniel"]
[Black "Ortiz Suarez, Isan Reynaldo"]
[Result "1/2-1/2"]
[WhiteElo "2567"]
[BlackElo "2531"]
[Annotator "TA"]
[PlyCount "31"]
[EventDate "2022.03.20"]
[EventCountry "DOM"]
[SourceTitle "playchess.com"]
[Source "ChessBase"]
[SourceQuality "1"]

{[%evp 13,14,13,8]} 1. Nf3 Nf6 2. c4 e6 3. Nc3 d5 4. cxd5 exd5 5. d4 c6 6. Bf4 Bd6 {6...Bf5 might become the main line.} 7. Bxd6 Qxd6 {[#]} {Predecessor:} 8. e3 $146 {D35: Queen's Gambit Declined: Exchange Variation.} O-O 9. Qc2 b6 10. Rc1 g6 11. Bd3 Ba6 12. Bxa6 Nxa6 13. O-O Rfc8 14. Rfd1 Nc7 15. a3 Ne6 16. h3 {½-½ (50) Caruana,F (2792)-Karjakin,S (2743) Wijk aan Zee 2022} 1/2-1/2

[Event "Zonal 2.3 Absoluto 2022"]
[Site "San Pedro de Macoris"]
[Date "2022.03.25"]
[Round "9.2"]
[White "Ibarra Chami, Luis Fernando"]
[Black "Sanchez Alvarez, Roberto Carlos"]
[Result "1-0"]
[WhiteElo "2451"]
[BlackElo "2407"]
[Annotator "TA"]
[PlyCount "46"]
[EventDate "2022.03.20"]
[EventCountry "DOM"]
[SourceTitle "playchess.com"]
[Source "ChessBase"]
[SourceQuality "1"]

{[%evp 9,28,0,10,-13,10,10,10,0,18,8,0,0,0,0,0,-14,0,-12,0,-7,-1]} 1. d4 {[%cal Bd2d4,Bd4d5][%mdl 32]} Nf6 2. c4 e6 3. Nc3 Bb4 4. f3 c5 5. d5 b5 {The position is equal.} 6. e4 {E20: Nimzo-Indian: 4 g3 and 4 f3.} d6 {is now more promising than 6...bxc4.} 7. Bd3 O-O 8. Nge2 bxc4 9. Bxc4 exd5 10. Bxd5 Nxd5 11. Qxd5 Be6 12. Qd1 d5 13. exd5 Bxd5 14. O-O Bc4 {[%mdl 32768] [#] An even fight not without its subleties.  Weighted Error Value: White=0.04 (flawless) /Black=0.08 (flawless) . Loss on time!?} {Predecessor:} 15. Re1 $146 Nc6 16. Bf4 Nd4 17. Ng3 Qb6 18. Rc1 Rad8 19. Qa4 Bb5 20. Nxb5 Bxe1 21. Bc7 Qxb5 22. Qxb5 Nxb5 23. Bxd8 Bxg3 {0-1 (46) Ning,I (1796)-Winter,R (2006) Christchurch 2022} 1-0

[Event "Zonal 2.3 Absoluto 2022"]
[Site "San Pedro de Macoris"]
[Date "2022.03.25"]
[Round "9.3"]
[White "Cardoso Cardoso, Jose Gabriel"]
[Black "Argote Heredia, Valentina"]
[Result "1/2-1/2"]
[WhiteElo "2461"]
[BlackElo "2193"]
[Annotator "TA"]
[PlyCount "115"]
[EventDate "2022.03.20"]
[EventCountry "DOM"]
[SourceTitle "playchess.com"]
[Source "ChessBase"]
[SourceQuality "1"]

{[%evp 17,115,52,47,14,18,12,19,21,59,55,49,60,58,-27,-6,-10,-12,-18,-23,-39,-12,-23,-14,-20,6,3,3,5,5,4,4,4,2,5,12,11,16,11,16,0,0,0,5,0,20,0,0,-89,-91,-138,-98,-78,-79,-86,-64,-64,-64,-64,-64,-64,-22,-22,-22,-22,-22,-50,-8,-8,-8,-8,-8,-14,-8,-11,0,0,0,0,0,0,0,0,0,-8,0,0,0,0,0,0,0,0,0,0,0,0,0,-8,-8,-8]} 1. e4 c5 2. Nf3 e6 3. d4 cxd4 4. Nxd4 a6 5. Bd3 Nc6 6. Nxc6 dxc6 7. O-O e5 8. Nd2 Nf6 9. Nc4 Qc7 10. f4 {B42: Sicilian: Kan Variation: 5 Bd3.} Bc5+ 11. Kh1 Ng4 12. Qf3 {[#] Prevents Nf2+.} O-O $146 ({Predecessor:} 12... b5 13. Nxe5 Nxe5 14. fxe5 O-O 15. Qg3 Bd4 16. Bf4 Bxb2 17. Rab1 Ba3 18. Bh6 f6 {1-0 (26) Mekhitarian,K (2554)-Tologontegin,S (2358) Chess.com INT 2020}) 13. f5 Nf6 14. Qg3 b5 {[#]} 15. Qxe5 Qxe5 $11 16. Nxe5 Re8 17. Bf4 Bb7 18. c3 Rad8 (18... Ba7 $5 {[%cal Ra7b8]} 19. Bc2 Bb8 $11) 19. Bc2 Bd6 20. Rad1 {[%cal Oe5f7]} Bxe5 21. Rxd8 Rxd8 22. Bxe5 Rd2 {[#]} 23. Rd1 $1 Rxd1+ 24. Bxd1 {And now Bc2 would win.} Nxe4 {[%mdl 4096] Endgame ...Nf2+ is the strong threat. KBB-KBN} 25. Kg1 {To avoid Nf2} f6 {[#]} 26. Bc2 $1 c5 27. Bc7 Kf7 28. Kf1 Ke7 29. Ke2 Nd6 30. g4 Kd7 31. Bb8 Bd5 32. Bb1 {[#]} (32. a4 $11) 32... Nc4 $1 $17 33. h4 (33. a4 $142) 33... h6 34. a4 Nxb2 35. axb5 axb5 36. Bf4 Nc4 {Threatens to win with ...Na3.} 37. Bd3 Kc6 38. g5 fxg5 (38... hxg5 $15 39. hxg5 Nd6) 39. hxg5 $11 hxg5 40. Bxg5 Ne5 41. Bb1 Bf7 (41... Kd6 $15) 42. Be7 {The position is equal.} Kd5 43. Ke3 g6 44. Ba2+ c4 45. Bb1 {[%csl Ge3][%cal Rb1e4]} gxf5 46. Bxf5 Bg6 47. Bh3 Be8 48. Bf6 Nd3 49. Be7 Ke5 50. Bd8 b4 51. Bc7+ Kd5 52. cxb4 Nxb4 53. Kd2 Bg6 54. Kc3 Kc5 55. Bd6+ $1 Kxd6 56. Kxb4 Kd5 {Hoping for ...Kd4.} 57. Be6+ Kxe6 58. Kxc4 {Weighted Error Value: White=0.11 (very precise) /Black=0.06 (flawless)} 1/2-1/2